Introductory econometrics using Monte Carlo simulation with Microsoft Excel
Na minha lista:
| Autor principal: | |
|---|---|
| Outros Autores: | |
| Formato: | Livro |
| Idioma: | inglês |
| Publicado em: |
Cambridge
Cambridge University Press
2006
|
| Assuntos: | |
| Tags: |
Sem tags, seja o primeiro a adicionar uma tag!
|
MARC
| LEADER | 00000nam$a2200000$$$4500 | ||
|---|---|---|---|
| 001 | 0054138 | ||
| 005 | 20240312115758.9 | ||
| 020 | |a 978-0-521-84319-5 | ||
| 020 | |a 0-521-84319-7 | ||
| 041 | 0 | |a eng | |
| 044 | |a GB | ||
| 245 | 1 | 0 | |a Introductory econometrics |b using Monte Carlo simulation with Microsoft Excel |c Humberto Barreto, Frank M. Howland |
| 264 | 1 | |a Cambridge |b Cambridge University Press |c 2006 | |
| 300 | |a 774 s. |e 1 CD-ROM | ||
| 610 | 2 | 0 | |a ekonometria |
| 610 | 2 | 0 | |a simulácia |
| 610 | 2 | 0 | |a metóda Monte Carlo |
| 610 | 2 | 0 | |a softvér |
| 610 | 2 | 0 | |a analýza regresná |
| 610 | 2 | 0 | |a korelácia |
| 610 | 2 | 0 | |a programovanie |
| 610 | 2 | 0 | |a modely |
| 610 | 2 | 0 | |a porovnanie štatistické |
| 610 | 2 | 0 | |a modely ekonometrické |
| 610 | 2 | 0 | |a testovanie hypotéz |
| 610 | 2 | 0 | |a rady časové |
| 100 | 1 | |a Barreto, Humberto | |
| 700 | 1 | |a Howland, Frank M. | |